00370nam a2200145 a 450008200160000010000270001624500370004326000250008030000090010550000350011450500170014965000120016665000190017870000270019700a238.12bSEB aSebastian, J Jayakiran aBaptisma Unum in Sancta Ecclesia aDelhi bISPCK c1997 a202p aincludes index and biblioraphy2 aBibliography aBaptism aTheology-India1 aSebastian, J Jayakiran